Normal view
MARC view
Entry Topical Term
001 - CONTROL NUMBER
- control field: 5461
003 - CONTROL NUMBER IDENTIFIER
- control field: AM-YEHGA
005 - DATE AND TIME OF LATEST TRANSACTION
- control field: 20250617070459.0
008 - FIXED-LENGTH DATA ELEMENTS
- fixed length control field: 140602|| aca||aabn | a|a d
040 ## - CATALOGING SOURCE
- Original cataloging agency: AM-YEHGA
150 ## - HEADING--TOPICAL TERM
- Topical term or geographic name entry element: Կուսակցություններ
- General subdivision: Հայ հեղափոխական դաշնակցություն
- Form subdivision: Ծրագիր
670 ## - SOURCE DATA FOUND
- Source citation: 77653: Հայ յեղափոխական դաշնակցութիւն 11982, Ծրագիր :, 1925.
ՀՀ Գիտությունների ազգային ակադեմիայի հիմնարար գիտական գրադարան = Fundamental Scientific Library of NAS RA
All site content, except where otherwise noted, is licensed under a